000
00295nam a2200109 a 4500
005
20210219152804.0
008
991125n dis 000 0 spa u
035
_a
UPN01000061267
245
0
0
_a
PARADIGMAS EDUCATIVOS, EDUCACION Y LEGISLATURA
260
_a
Distrito Federal,Mexico
905
_a
Revista
999
_c
60867
_d
60867